000 00867nam a2200289Ia 4500
001 A6675
003 IT-RoPAU
008 130308s9999 xx 000 0 und d
040 _aIT-RoPAU
040 _cIT-RoPAU
041 _aINGLESE
100 _aMottram Ron
100 _gCodice Aut. SPICS: 14596
245 _aCinema and Communication
245 _bQuestioning The Media-A Critical Introduction
250 _a1a ed.
260 _aNEWBURY PARK
260 _bSage Publications
260 _c1990 [1° Ed.:1990 - Ed.Ling.Originale:1990]
300 _a"12 p. (prefazione: no ; testo: 12 [pagine: 318-329])"
500 _aCinema e Comunicazione. Considerazioni Basilari. breve Storia del Film in Europa e Negli Stati Uniti.
650 _aTEORICHE DEI MASS MEDIA
650 _eCodice materia Spics: 6105
942 _cBK
957 _71
999 _c82191
_d82191
999 _g1